000 00748cam a22002653a 4500
001 16608
003 PGUSA
005 20140828083344.0
008 050827s2005||||xxu|||||s|||||000 1 eng d
040 _aPGUSA
_beng
042 _adc
050 4 _aPS
100 1 _aMighels, Philip Verrill,
_d1869-1911
245 1 0 _aBruvver Jim's Baby
_h[electronic resource] /
_cPhilip Verrill Mighels
260 _bProject Gutenberg,
_c2005
506 _aPublic domain in the USA.
516 _aElectronic text
653 _aNevada -- Fiction
653 _aGold miners -- Fiction
653 _aFoundlings -- Fiction
653 _aWestern stories
830 0 _aProject Gutenberg
_v16608
856 4 0 _uhttp://www.gutenberg.org/ebooks/16608
942 _cEB
999 _c245863
_d245863